书目信息 |
| 题名: |
云南的民族团结与边疆稳定
|
|
| 作者: | 郭家骥 主编 | |
| 分册: | ||
| 出版信息: | 北京 民族出版社 1998.7 |
|
| 页数: | 441页 | |
| 开本: | 32开 | |
| 丛书名: | ||
| 单 册: | ||
| 中图分类: | D633 | |
| 科图分类: | ||
| 主题词: | 民族团结--云南 | |
| 电子资源: | ||
| ISBN: | 7-105-02868-8 | |
| 000 | 00498nam0 2200193 45 | |
| 001 | 0005150854 | |
| 005 | 20031219104045.2 | |
| 010 | @a7-105-02868-8@dCNY22.00 | |
| 100 | @a20000515d1998 km y0chiy0120 ea | |
| 101 | @achi | |
| 105 | @a z 000yy | |
| 200 | 1 | @a云南的民族团结与边疆稳定@f郭家骥主编 |
| 210 | @a北京@c民族出版社@d1998.7 | |
| 215 | @a441页@d32开 | |
| 606 | 0 | @a民族团结@y云南 |
| 690 | @aD633@v1 | |
| 701 | @a郭家骥@4主编 | |
| 801 | @aCN@bTSTC@c20000515 | |
| 905 | @f1@b288430@dD633@e33 | |
| 云南的民族团结与边疆稳定/郭家骥主编.-北京:民族出版社,1998.7 |
| 441页;32开 |
| ISBN 7-105-02868-8:CNY22.00 |
| ● |
| 相关链接 |
|
|
|
|
正题名:云南的民族团结与边疆稳定
索取号:D633/33
 
预约/预借
| 序号 | 登录号 | 条形码 | 馆藏地/架位号 | 状态 | 备注 |
| 1 | 0288430 | 002884301 | 第一样本阅览室/ [索取号:D633/33] | 在馆 |